[Event "SR 2. liga A 2009/2010"]
[Site "?"]
[Date "2010.01.09"]
[Round "6.1"]
[White "Kundrik, Peter"]
[Black "Kozinka, Roman"]
[Result "1-0"]
[WhiteElo "2229"]
[BlackElo "2044"]
[PlyCount "131"]
[EventDate "2009.??.??"]
[WhiteTeam "Slovakia"]
[BlackTeam "II"]
[WhiteTeamCountry "SVK"]
[BlackTeamCountry "SVK"]

1. e4 e5 2. Nf3 Nf6 3. Nxe5 d6 4. Nf3 Nxe4 5. d4 d5 6. Bd3 Be7 7. O-O O-O 8. h3
Nc6 9. Nc3 Bf5 10. Re1 Nxc3 11. bxc3 Bxd3 12. Qxd3 Na5 13. Ne5 Bd6 14. Qf5 Bxe5
15. Rxe5 c6 16. Ba3 Re8 17. Rae1 Rxe5 18. Rxe5 Qc8 19. Qxc8+ Rxc8 20. Re7 Nc4
21. Bc1 Na5 22. Bf4 a6 23. g4 h6 24. h4 Rf8 25. g5 h5 26. Kg2 Kh7 27. Kg3 Kg6
28. a4 f6 29. Bc7 Nc4 30. Bf4 Rf7 31. Re8 Kf5 32. Rh8 g6 33. Re8 Nb6 34. gxf6
Kxf6 35. Bg5+ Kg7 36. Bf4 Rd7 37. Be5+ Kf7 38. Rh8 Ke6 39. Rg8 Kf5 40. Rf8+ Ke6
41. Rf6+ Ke7 42. a5 Nc4 43. Rxg6 Kf8 44. Rh6 Kf7 45. Rxh5 Nxa5 46. Rh8 Ke7 47.
h5 Nc4 48. h6 Ke6 49. Kg4 Nxe5+ 50. dxe5 Kxe5 51. Rg8 Kf6 52. Kh5 a5 53. Ra8 b6
54. Rc8 c5 55. Rc6+ Kf5 56. Rxb6 Ra7 57. Rg6 a4 58. Rg7 Ra8 59. h7 Rh8 60. Kh6
Ra8 61. Rg8 Ra6+ 62. Kh5 a3 63. h8=Q a2 64. Rg5+ Kf4 65. Qe5+ Kf3 66. Qe3# 1-0

[Event "SR 2. liga A 2009/2010"]
[Site "?"]
[Date "2010.01.09"]
[Round "6.1"]
[White "Polacik, Igor"]
[Black "Kovac, Andrej"]
[Result "1-0"]
[WhiteElo "2186"]
[BlackElo "2109"]
[PlyCount "73"]
[EventDate "2009.??.??"]
[WhiteTeam "Slovakia"]
[BlackTeam "II"]
[WhiteTeamCountry "SVK"]
[BlackTeamCountry "SVK"]

1. e4 e6 2. d4 d5 3. Nc3 Nf6 4. Bg5 Bb4 5. e5 h6 6. Bd2 Bxc3 7. bxc3 Ne4 8. Qg4
Kf8 9. Qf4 c5 10. Bd3 Nxd2 11. Qxd2 Nc6 12. Nf3 Qa5 13. dxc5 Qxc5 14. Rb1 a6
15. O-O b5 16. Rfe1 Bd7 17. Nh4 Ke7 18. Re3 g5 19. Nf3 Rac8 20. h4 Rhg8 21.
hxg5 hxg5 22. Nh2 g4 23. g3 Na5 24. Qd1 Nc4 25. Re1 Rg5 26. Qc1 Rcg8 27. Qf4
Qc7 28. Qf6+ Ke8 29. a4 Rxe5 30. Bh7 Rgg5 31. axb5 Bxb5 32. Bd3 Qe7 33. Qf4
Rxe1+ 34. Rxe1 Nd6 35. Nxg4 Rg7 36. Nf6+ Kf8 37. Qh6 1-0

[Event "SR 2. liga A 2009/2010"]
[Site "?"]
[Date "2010.01.09"]
[Round "6.1"]
[White "Varga, David"]
[Black "Hertel, Ondrej"]
[Result "1-0"]
[WhiteElo "2280"]
[BlackElo "2051"]
[PlyCount "117"]
[EventDate "2009.??.??"]
[WhiteTeam "Slovakia"]
[BlackTeam "II"]
[WhiteTeamCountry "SVK"]
[BlackTeamCountry "SVK"]

1. e4 c6 2. d4 d5 3. Nc3 dxe4 4. Nxe4 Nd7 5. Bc4 Ngf6 6. Ng5 e6 7. N1f3 h6 8.
Nh3 Nb6 9. Bd3 c5 10. c3 cxd4 11. cxd4 Bd7 12. O-O Bd6 13. Ne5 Bxe5 14. dxe5
Nfd5 15. Qg4 Qe7 16. Qxg7 O-O-O 17. Bh7 f5 18. Qxe7 Nxe7 19. Bxh6 Rxh7 20. Bg5
Rg8 21. f4 Ned5 22. Nf2 Bc6 23. Rfc1 Kb8 24. g3 Ne3 25. Nd3 Rd7 26. Rc3 Nbd5
27. Rb3 Nc2 28. Rc1 Nd4 29. Rxc6 Nxc6 30. Nc5 Rh7 31. Nxe6 Rc8 32. h4 b6 33.
Rd3 Re8 34. Rxd5 Rxe6 35. b4 a6 36. a4 Kc7 37. b5 axb5 38. axb5 Ne7 39. Rd2 Rh8
40. Rc2+ Kb7 41. Rd2 Kc7 42. Ra2 Nc8 43. Kg2 Rh7 44. g4 fxg4 45. Kg3 Rd7 46.
Kxg4 Rd5 47. h5 Rxb5 48. h6 Ra5 49. Rh2 Ne7 50. h7 Ng6 51. Kf5 Rc6 52. Bf6
Rxf6+ 53. Kxf6 Nh8 54. Rg2 Ra8 55. Rg8 Rd8 56. Rxd8 Kxd8 57. Kg7 Ke7 58. Kxh8
Kf8 59. e6 1-0

[Event "SR 2. liga A 2009/2010"]
[Site "?"]
[Date "2010.01.09"]
[Round "6.2"]
[White "Bury, Rastislav"]
[Black "Petrik, Stanislav"]
[Result "1-0"]
[WhiteElo "2066"]
[BlackElo "2183"]
[PlyCount "35"]
[EventDate "2009.??.??"]
[WhiteTeam "Slovakia"]
[BlackTeam "II"]
[WhiteTeamCountry "SVK"]
[BlackTeamCountry "SVK"]

1. e4 c5 2. Nf3 Nc6 3. d4 cxd4 4. Nxd4 g6 5. Nc3 Bg7 6. Be3 Nf6 7. Bc4 O-O 8.
Bb3 Na5 9. e5 Ne8 10. Bxf7+ Kxf7 11. Ne6 dxe6 12. Qxd8 b6 13. Qd3 Nc7 14. b4
Bxe5 15. Bd4 Nc6 16. Bxe5 Nxe5 17. Qg3 a5 18. Qxe5 1-0

[Event "SR 2. liga A 2009/2010"]
[Site "?"]
[Date "2010.01.10"]
[Round "6.2"]
[White "Federic, Pavol"]
[Black "Malar, Pavol"]
[Result "1-0"]
[WhiteElo "2190"]
[BlackElo "2133"]
[PlyCount "93"]
[EventDate "2009.??.??"]
[WhiteTeam "Slovakia"]
[BlackTeam "II"]
[WhiteTeamCountry "SVK"]
[BlackTeamCountry "SVK"]

1. e4 e6 2. d4 d5 3. exd5 exd5 4. Nf3 Bd6 5. c4 c6 6. Nc3 Ne7 7. Bg5 f6 8. Be3
O-O 9. Qb3 Kh8 10. Rc1 b6 11. cxd5 Nxd5 12. Nxd5 cxd5 13. Bd3 Ba6 14. O-O Bxd3
15. Qxd3 Qd7 16. Qb3 Nc6 17. g3 Ne7 18. Ne1 Rac8 19. Nd3 Rxc1 20. Rxc1 Rc8 21.
Rxc8+ Qxc8 22. Bf4 Bxf4 23. Nxf4 Qd7 24. a4 Kg8 25. Kf1 g5 26. Ne2 Kf7 27. Nc3
Qh3+ 28. Kg1 Qe6 29. Qb5 h5 30. Qd3 Kg7 31. Qf3 Kg6 32. b4 Qf5 33. Qe2 Qd7 34.
a5 bxa5 35. bxa5 h4 36. a6 hxg3 37. hxg3 Kg7 38. Qb2 Kf7 39. Kg2 Nc6 40. Qb5
Qe6 41. Qc5 g4 42. Kf1 Ne7 43. Qxa7 Qc8 44. Nd1 Qc2 45. Ne3 Qd3+ 46. Kg1 Qb1+
47. Nf1 1-0

[Event "SR 2. liga A 2009/2010"]
[Site "?"]
[Date "2010.01.09"]
[Round "6.2"]
[White "Gajarsky, Roman"]
[Black "Petenyi, Tamas"]
[Result "0-1"]
[WhiteElo "1921"]
[BlackElo "2261"]
[PlyCount "52"]
[EventDate "2009.??.??"]
[WhiteTeam "Slovakia"]
[BlackTeam "II"]
[WhiteTeamCountry "SVK"]
[BlackTeamCountry "SVK"]

1. e4 e5 2. Nf3 Nc6 3. Bc4 Nf6 4. d3 Be7 5. Nc3 d6 6. h3 Na5 7. Bb3 Nxb3 8.
axb3 O-O 9. Be3 a6 10. O-O c6 11. d4 Qc7 12. dxe5 dxe5 13. Qe2 b5 14. Bg5 Be6
15. Rad1 a5 16. Rfe1 Rfd8 17. Nh2 Rxd1 18. Rxd1 Rd8 19. Ng4 Rxd1+ 20. Nxd1 Nxg4
21. Bxe7 Qxe7 22. hxg4 Qd7 23. Ne3 Qd4 24. Nf5 Bxf5 25. exf5 Qxb2 26. Qe4 Qc1+
0-1

[Event "SR 2. liga A 2009/2010"]
[Site "?"]
[Date "2010.01.09"]
[Round "6.2"]
[White "Janos, Jozef"]
[Black "Janos, Martin"]
[Result "1/2-1/2"]
[WhiteElo "2275"]
[BlackElo "2192"]
[PlyCount "20"]
[EventDate "2009.??.??"]
[WhiteTeam "Slovakia"]
[BlackTeam "II"]
[WhiteTeamCountry "SVK"]
[BlackTeamCountry "SVK"]

1. d4 d5 2. Nf3 Nf6 3. c4 c6 4. Nc3 e6 5. Bg5 Nbd7 6. e3 Qa5 7. Bxf6 Nxf6 8.
Nd2 Ne4 9. Ncxe4 dxe4 10. a3 f5 1/2-1/2

[Event "SR 2. liga A 2009/2010"]
[Site "?"]
[Date "2010.01.09"]
[Round "6.2"]
[White "Liptak, Tomas"]
[Black "Abel, Peter"]
[Result "1-0"]
[WhiteElo "2036"]
[BlackElo "2191"]
[PlyCount "132"]
[EventDate "2009.??.??"]
[WhiteTeam "Slovakia"]
[BlackTeam "II"]
[WhiteTeamCountry "SVK"]
[BlackTeamCountry "SVK"]

1. e4 Nf6 2. e5 Nd5 3. d4 d6 4. Nf3 Bg4 5. Be2 c6 6. O-O Bxf3 7. Bxf3 dxe5 8.
dxe5 e6 9. c4 Ne7 10. Qxd8+ Kxd8 11. Bf4 Ng6 12. Bg3 Nd7 13. Re1 Bb4 14. Re2 h5
15. h3 h4 16. Bh2 Ke7 17. Bg4 Rad8 18. Nc3 Bxc3 19. bxc3 Nb6 20. Rb2 Rd7 21.
Rab1 Rb8 22. Rb4 Rc7 23. Be2 Nd7 24. Rd1 Rd8 25. Bh5 c5 26. Rbb1 Ngf8 27. Bf4
Nh7 28. Bf3 g5 29. Bh2 Nb6 30. Rxd8 Kxd8 31. Be4 Nf8 32. f4 gxf4 33. Bxf4 Kc8
34. Bd3 Rd7 35. Be2 Ng6 36. Bg5 Nxe5 37. Rb5 Nd3 38. Bxh4 Na4 39. Bf6 b6 40.
Bxd3 Rxd3 41. Rb3 e5 42. Bxe5 Kd7 43. Kf1 Rd2 44. Ra3 Nb2 45. Rxa7+ Ke6 46. Bf4
Rd1+ 47. Ke2 Rg1 48. g3 Nxc4 49. h4 Rh1 50. Kf3 Kf6 51. Ke4 Ke6 52. Rc7 f5+ 53.
Kf3 Rh2 54. Rc6+ Kf7 55. a4 Rc2 56. h5 Rxc3+ 57. Kg2 Rc2+ 58. Kh3 Ra2 59. Bg5
Rxa4 60. Rc7+ Ke6 61. h6 Ra1 62. Kg2 Ra2+ 63. Kf1 Ra1+ 64. Ke2 Ra2+ 65. Kd1 Ne5
66. h7 Rh2 1-0

[Event "SR 2. liga A 2009/2010"]
[Site "?"]
[Date "2010.01.09"]
[Round "6.2"]
[White "Maslik, Miroslav"]
[Black "Federic, Pavol"]
[Result "1-0"]
[WhiteElo "2367"]
[BlackElo "2190"]
[PlyCount "73"]
[EventDate "2009.??.??"]
[WhiteTeam "Slovakia"]
[BlackTeam "II"]
[WhiteTeamCountry "SVK"]
[BlackTeamCountry "SVK"]

1. d4 Nf6 2. c4 e6 3. g3 d5 4. Nf3 Be7 5. Bg2 O-O 6. O-O Nbd7 7. Qc2 c6 8. Nbd2
b6 9. e4 dxe4 10. Nxe4 Nxe4 11. Qxe4 Ba6 12. Qc2 Rc8 13. Qa4 Nb8 14. Rd1 b5 15.
Qc2 bxc4 16. Ne5 Bf6 17. Be3 Qe7 18. Nxc4 Rfd8 19. Rac1 h6 20. h3 Rd5 21. Qa4
Rb5 22. b3 Rb4 23. Qa5 Rb5 24. Qe1 Nd7 25. Bf4 e5 26. dxe5 Nxe5 27. Nd6 Rd8 28.
Nxb5 Rxd1 29. Rxd1 cxb5 30. Bxe5 Bxe5 31. Qa5 Qe6 32. Re1 f6 33. Qd8+ Kh7 34.
Be4+ f5 35. Bd5 Qf6 36. Qg8+ Kg6 37. Qe8+ 1-0

[Event "SR 2. liga A 2009/2010"]
[Site "?"]
[Date "2010.01.09"]
[Round "6.2"]
[White "Plachetka, Jan"]
[Black "Puchart, Vladimir"]
[Result "1-0"]
[WhiteElo "2379"]
[BlackElo "2047"]
[PlyCount "47"]
[EventDate "2009.??.??"]
[WhiteTeam "Slovakia"]
[BlackTeam "II"]
[WhiteTeamCountry "SVK"]
[BlackTeamCountry "SVK"]

1. e4 c5 2. Nf3 d6 3. d4 cxd4 4. Nxd4 Nf6 5. Nc3 a6 6. Bc4 b5 7. Bb3 Bb7 8. O-O
Nbd7 9. Re1 e6 10. Bg5 Qb6 11. a4 Nc5 12. Bxf6 gxf6 13. Bd5 b4 14. a5 Qc7 15.
Bxb7 Qxb7 16. Nd5 Bg7 17. Qg4 Kf8 18. Nb6 Rd8 19. Re3 h5 20. Qh4 Qe7 21. Nc6
Qc7 22. Nxd8 Qxd8 23. Rd1 Qb8 24. Red3 1-0

[Event "SR 2. liga A 2009/2010"]
[Site "?"]
[Date "2010.01.09"]
[Round "6.3"]
[White "Godula, Martin"]
[Black "Lopatievov, Alexander"]
[Result "1/2-1/2"]
[WhiteElo "2179"]
[BlackElo "2041"]
[PlyCount "96"]
[EventDate "2009.??.??"]
[WhiteTeam "Slovakia"]
[BlackTeam "II"]
[WhiteTeamCountry "SVK"]
[BlackTeamCountry "SVK"]

1. e4 e6 2. d4 b6 3. c4 d5 4. exd5 exd5 5. Nc3 Be6 6. Nf3 Be7 7. Bf4 c6 8. Qa4
Bd7 9. cxd5 cxd5 10. Qb3 Nf6 11. Nxd5 Nxd5 12. Qxd5 Bb4+ 13. Bd2 Qe7+ 14. Qe5
O-O 15. Qxe7 Bxe7 16. Bd3 Bc6 17. O-O Rd8 18. Bc3 Nd7 19. Rfe1 Bf6 20. Rad1 Bd5
21. Nd2 g6 22. Bc4 Bxc4 23. Nxc4 b5 24. Ne5 Bxe5 25. dxe5 Nc5 26. Ba5 Rxd1 27.
Rxd1 Ne6 28. g3 h5 29. Rd5 a6 30. Rd6 g5 31. f3 Kg7 32. Kf2 Kg6 33. Bc3 Kf5 34.
Rd7 Kg6 35. Ke3 a5 36. a3 Rb8 37. b4 a4 38. Rd5 Rb7 39. Ke4 Rc7 40. Bd4 Rc4 41.
Rd6 Rc2 42. f4 gxf4 43. gxf4 Kg7 44. Be3 Rc4+ 45. Bd4 Rc2 46. Bb6 Rc4+ 47. Bd4
Rc2 48. Be3 Rc4+ 1/2-1/2

[Event "SR 2. liga A 2009/2010"]
[Site "?"]
[Date "2010.01.09"]
[Round "6.3"]
[White "Jablonicky, Frantisek"]
[Black "Kollarik, Gorazd"]
[Result "1/2-1/2"]
[WhiteElo "2222"]
[BlackElo "1898"]
[PlyCount "63"]
[EventDate "2009.??.??"]
[WhiteTeam "Slovakia"]
[BlackTeam "II"]
[WhiteTeamCountry "SVK"]
[BlackTeamCountry "SVK"]

1. Nf3 Nf6 2. d4 d5 3. c4 e6 4. g3 Be7 5. Bg2 O-O 6. O-O b6 7. Nc3 Bb7 8. Ne5
Nbd7 9. f4 c5 10. e3 cxd4 11. exd4 Qc8 12. cxd5 Nxd5 13. Ne4 N5f6 14. Ng5 Bxg2
15. Kxg2 Qb7+ 16. Qf3 Qxf3+ 17. Kxf3 h6 18. Nxd7 Nxd7 19. Ne4 Nf6 20. Be3 Nd5
21. a3 Rac8 22. Rac1 Rfd8 23. Rxc8 Rxc8 24. Rc1 Rxc1 25. Bxc1 Kf8 26. a4 Bb4
27. Ke2 Ke7 28. Kd3 Kd7 29. Nc3 Kc6 30. Kc4 Bxc3 31. bxc3 a6 32. Kd3 1/2-1/2

[Event "SR 2. liga A 2009/2010"]
[Site "?"]
[Date "2010.01.09"]
[Round "6.3"]
[White "Mydlarik, Martin"]
[Black "Hartl, Jan"]
[Result "1/2-1/2"]
[WhiteElo "2169"]
[BlackElo "2131"]
[PlyCount "94"]
[EventDate "2009.??.??"]
[WhiteTeam "Slovakia"]
[BlackTeam "II"]
[WhiteTeamCountry "SVK"]
[BlackTeamCountry "SVK"]

1. e4 e5 2. Nf3 Nc6 3. Bb5 a6 4. Ba4 Nf6 5. O-O Be7 6. d4 exd4 7. e5 Ne4 8.
Nxd4 Nc5 9. Nf5 Bf8 10. Bxc6 dxc6 11. Qxd8+ Kxd8 12. Ng3 h5 13. Nc3 h4 14. Nge4
Bf5 15. Bg5+ Ke8 16. Rfe1 Rh5 17. Bf4 Ne6 18. Be3 Bxe4 19. Nxe4 Rxe5 20. Nd2
Rd8 21. Nf3 Rb5 22. Bd4 Be7 23. Be5 Rbd5 24. h3 Kf8 25. Kf1 c5 26. c3 c4 27.
Nd4 Nxd4 28. Bxd4 f6 29. Re4 g5 30. Rae1 R8d7 31. f3 b5 32. Re6 R7d6 33. R6e4
Rc6 34. f4 Bc5 35. Bxc5+ Rcxc5 36. fxg5 fxg5 37. Re6 a5 38. R1e2 Rd1+ 39. Re1
Rxe1+ 40. Kxe1 Kf7 41. Rh6 b4 42. Kd2 c6 43. Ke3 bxc3 44. bxc3 Re5+ 45. Kf3 Re6
46. Rh7+ Kg6 47. Ra7 Re5 1/2-1/2

[Event "SR 2. liga A 2009/2010"]
[Site "?"]
[Date "2010.01.09"]
[Round "6.3"]
[White "Peitl, Tomas"]
[Black "Tepper, Frantisek"]
[Result "1/2-1/2"]
[WhiteElo "2175"]
[BlackElo "2169"]
[PlyCount "52"]
[EventDate "2009.??.??"]
[WhiteTeam "Slovakia"]
[BlackTeam "II"]
[WhiteTeamCountry "SVK"]
[BlackTeamCountry "SVK"]

1. e4 e5 2. Nf3 Nf6 3. Nxe5 d6 4. Nf3 Nxe4 5. d4 d5 6. Bd3 Nc6 7. O-O Be7 8. c4
Nb4 9. Be2 O-O 10. Nc3 Bf5 11. a3 Nxc3 12. bxc3 Nc6 13. Re1 Bf6 $11 14. Bf4 Rc8
15. Nd2 Na5 16. cxd5 Qxd5 17. Bf3 Qd7 18. Ne4 Be7 19. Ng3 Bg6 20. Bg4 f5 21.
Bf3 Bd6 22. Bd5+ Bf7 23. Bxd6 cxd6 24. Qf3 g6 25. Rab1 b6 26. Ne2 Nc4 1/2-1/2

[Event "SR 2. liga A 2009/2010"]
[Site "?"]
[Date "2010.01.09"]
[Round "6.3"]
[White "Petrik, Karol"]
[Black "Chovanec, Vladimir"]
[Result "1-0"]
[WhiteElo "2181"]
[BlackElo "2091"]
[PlyCount "101"]
[EventDate "2009.??.??"]
[WhiteTeam "Slovakia"]
[BlackTeam "II"]
[WhiteTeamCountry "SVK"]
[BlackTeamCountry "SVK"]

1. e4 c5 2. Nf3 Nc6 3. Bb5 g6 4. O-O Bg7 5. c3 e5 6. Na3 Nge7 7. Qe2 O-O 8. d3
a6 9. Ba4 b5 10. Bd1 d6 11. Nc2 Bb7 12. Be3 Rc8 13. Qd2 Qd7 14. Bh6 d5 15. Re1
d4 16. Be2 f6 17. h3 Rfd8 18. Bxg7 Kxg7 19. cxd4 Nxd4 20. Ncxd4 cxd4 21. Nh2
Qd6 22. Ng4 Ng8 23. Bd1 Rc7 24. Bb3 Bc8 25. Nh2 Be6 26. Bd1 Rdc8 27. Rf1 g5 28.
h4 h6 29. Re1 Ne7 30. h5 Rc6 31. g3 Qc7 32. Rf1 Bh3 33. Re1 Be6 34. Kg2 Rb8 35.
Rg1 b4 36. Bb3 Bxb3 37. axb3 Rc2 38. Rgc1 Rxc1 39. Rxc1 Qb7 40. Rc4 a5 41. Rc5
Qa8 42. Rc7 Rb7 43. Qc2 f5 44. Qc5 Rxc7 45. Qxc7 Kf8 46. Qxe5 fxe4 47. Qf6+ Kg8
48. Qxe7 exd3+ 49. Nf3 d2 50. Qe6+ Kf8 51. Qxh6+ 1-0

[Event "SR 2. liga A 2009/2010"]
[Site "?"]
[Date "2010.01.09"]
[Round "6.3"]
[White "Stetina, Erik"]
[Black "Pagerka, Martin"]
[Result "1/2-1/2"]
[WhiteElo "2038"]
[BlackElo "2097"]
[PlyCount "75"]
[EventDate "2009.??.??"]
[WhiteTeam "Slovakia"]
[BlackTeam "II"]
[WhiteTeamCountry "SVK"]
[BlackTeamCountry "SVK"]

1. e4 c5 2. d4 cxd4 3. c3 dxc3 4. Nxc3 Nc6 5. Nf3 d6 6. Bc4 e6 7. O-O a6 8. Qe2
Be7 9. Rd1 b5 10. Bb3 Qb6 11. Be3 Qb8 12. Rac1 Na5 13. Nd4 Bd7 14. f4 Nf6 15.
Nf3 b4 16. e5 bxc3 17. exf6 Bxf6 18. bxc3 O-O 19. Qd3 d5 20. Bc2 g6 21. Ne5 Bb5
22. Qd2 Bxe5 23. fxe5 Nc4 24. Qf2 Qxe5 25. Bd4 Qg5 26. h4 Qh6 27. Bd3 e5 28.
Bxc4 exd4 29. Bxd5 Rad8 30. Qxd4 Be2 31. Bxf7+ Kxf7 32. Qf2+ Kg8 33. Qxe2 Qxh4
34. Qe6+ Kh8 35. Qe5+ Kg8 36. Qe6+ Kg7 37. Qe5+ Kg8 38. Qe6+ 1/2-1/2

[Event "SR 2. liga A 2009/2010"]
[Site "?"]
[Date "2010.01.09"]
[Round "6.4"]
[White "Certek, Pavel"]
[Black "Sosovicka, Juraj"]
[Result "1/2-1/2"]
[WhiteElo "2245"]
[BlackElo "2066"]
[PlyCount "184"]
[EventDate "2009.??.??"]
[WhiteTeam "Slovakia"]
[BlackTeam "II"]
[WhiteTeamCountry "SVK"]
[BlackTeamCountry "SVK"]

1. d4 d5 2. c4 e6 3. Nc3 Nf6 4. Bg5 Nbd7 5. e3 c6 6. Nf3 Qa5 7. Nd2 Bb4 8. Qc2
O-O 9. a3 Bxc3 10. Qxc3 Qxc3 11. bxc3 Re8 12. Be2 h6 13. Bxf6 Nxf6 14. cxd5
exd5 15. O-O Bf5 16. Rfc1 Ne4 17. Nxe4 Bxe4 18. c4 Rac8 19. Rc3 c5 20. Rd1 cxd4
21. Rxd4 dxc4 22. Rcxc4 Rxc4 23. Bxc4 Bc6 24. g3 Kf8 25. Kf1 Re7 26. Ke2 Rd7
27. Kd3 Ke7 28. e4 f6 29. f4 b5 30. Bb3 a5 31. Rxd7+ Bxd7 32. Kd4 Kd6 33. Bd5
Bc6 34. e5+ fxe5+ 35. fxe5+ Kc7 36. Bf7 b4 37. axb4 axb4 38. Kc5 Be4 39. Kxb4
Kd7 40. Kc5 Ke7 41. Kd4 Bf5 42. Bc4 Bh3 43. Ke4 Bd7 44. Bd5 Bc8 45. Kf4 Bd7 46.
h4 Bc8 47. Be4 Be6 48. Bf5 Bd5 49. Bc8 Bc4 50. Kf3 Bb3 51. Ke3 Bc4 52. Kf4 Bb3
53. Ba6 Be6 54. Bd3 Bd7 55. Be4 Be6 56. Bc2 Bd7 57. Bf5 Be8 58. Kg4 Bf7 59. Bc8
Bc4 60. Kf5 Bd3+ 61. Kf4 Bc4 62. g4 Bb3 63. Bf5 Bc4 64. Bc2 Be6 65. Bd1 Bd7 66.
Bb3 Bb5 67. Ba2 Ba4 68. Bb1 Bd7 69. g5 Be6 70. Bd3 Bd7 71. Bf5 Bb5 72. Bg4 Bc4
73. Bc8 Bb3 74. Ke4 Bc4 75. Kd4 Bb3 76. Bh3 Ba2 77. Bg2 Be6 78. Bd5 Bd7 79. Ke4
Bc8 80. Kf4 Bd7 81. Be4 Be6 82. Bf3 Bd7 83. Bg4 Bb5 84. Bh3 Bc4 85. Bc8 Bb3 86.
Bb7 Be6 87. Be4 Bd7 88. Bf5 Bb5 89. Kg3 Bc4 90. Kh3 Bf1+ 91. Kg4 Be2+ 92. Kf4
Bb5 1/2-1/2

[Event "SR 2. liga A 2009/2010"]
[Site "?"]
[Date "2010.01.09"]
[Round "6.4"]
[White "Janos, Ivan"]
[Black "Mruskovic, Radoslav"]
[Result "1-0"]
[WhiteElo "2133"]
[BlackElo "1945"]
[PlyCount "31"]
[EventDate "2009.??.??"]
[WhiteTeam "Slovakia"]
[BlackTeam "II"]
[WhiteTeamCountry "SVK"]
[BlackTeamCountry "SVK"]

1. e4 g6 2. d4 Bg7 3. Nf3 d6 4. Bc4 Nf6 5. Nc3 O-O 6. Qe2 Bg4 7. Bg5 Nc6 8.
O-O-O e5 9. dxe5 Nxe5 10. Bb3 Qc8 11. h3 Nxf3 12. gxf3 Bxh3 13. Qe3 h5 14. Bxf6
Bxf6 15. Nd5 Bg7 16. Ne7+ 1-0

[Event "SR 2. liga A 2009/2010"]
[Site "?"]
[Date "2010.01.09"]
[Round "6.4"]
[White "Mackovic, Miroslav"]
[Black "Matulik, Daniel"]
[Result "0-1"]
[WhiteElo "1963"]
[BlackElo "2154"]
[PlyCount "86"]
[EventDate "2009.??.??"]
[WhiteTeam "Slovakia"]
[BlackTeam "II"]
[WhiteTeamCountry "SVK"]
[BlackTeamCountry "SVK"]

1. e4 Nf6 2. e5 Nd5 3. d4 d6 4. c4 Nb6 5. f4 dxe5 6. fxe5 Nc6 7. Be3 Bf5 8. a3
e6 9. Nc3 Be7 10. Nf3 O-O 11. Be2 f6 12. exf6 Bxf6 13. O-O Qd7 14. d5 exd5 15.
Bxb6 axb6 16. cxd5 Ne5 17. Nxe5 Bxe5 18. Bf3 Qd6 19. h3 Bxc3 20. bxc3 Rxa3 21.
Rxa3 Qxa3 22. d6 Be6 23. d7 Rd8 24. Bg4 Qc5+ 25. Kh1 Bf7 26. Qe2 Qd6 27. Rd1
Qf6 28. g3 g6 29. Kh2 h5 30. Bf3 Be6 31. Bd5 Bxd5 32. Rf1 Qe6 33. Qf2 Qxd7 34.
Qf6 Bf7 35. Rf2 Re8 36. Qf4 Re1 37. Rd2 Qe7 38. Qf3 c6 39. Qd3 Re3 40. Qd8+
Qxd8 41. Rxd8+ Kg7 42. Rd7 Rxc3 43. Rxb7 Rb3 0-1

[Event "SR 2. liga A 2009/2010"]
[Site "?"]
[Date "2010.01.09"]
[Round "6.4"]
[White "Padysak, Tomas"]
[Black "Krajnak, Robert"]
[Result "0-1"]
[WhiteElo "2022"]
[BlackElo "2096"]
[PlyCount "72"]
[EventDate "2009.??.??"]
[WhiteTeam "Slovakia"]
[BlackTeam "II"]
[WhiteTeamCountry "SVK"]
[BlackTeamCountry "SVK"]

1. e4 c5 2. Nf3 e6 3. d4 cxd4 4. Nxd4 Nc6 5. Be3 Nf6 6. Nc3 Bb4 7. Bd3 d5 8.
Nxc6 bxc6 9. Bd2 O-O 10. e5 Nd7 11. Qg4 Qe7 12. Qg3 f5 13. O-O a5 14. Rad1 Ba6
15. a3 Bc5 16. Na4 Bxd3 17. cxd3 Bd4 18. Rfe1 Rfb8 19. Bg5 Qf8 20. Bc1 Rb3 21.
Kh1 Qb8 22. f4 Qb5 23. Nc3 Bxc3 24. bxc3 Rxc3 25. Re3 Nc5 26. d4 Rxe3 27. Bxe3
Ne4 28. Qe1 Rb8 29. Rc1 Qa4 30. h3 h6 31. Kh2 Rb3 32. Qd1 Qxa3 33. Bg1 Rxh3+
34. gxh3 Qg3+ 35. Kh1 Qxh3+ 36. Bh2 Nf2+ 0-1

[Event "SR 2. liga A 2009/2010"]
[Site "?"]
[Date "2010.01.09"]
[Round "6.4"]
[White "Polasek, Filip"]
[Black "Bukovsky, Milan"]
[Result "1-0"]
[WhiteElo "2072"]
[BlackElo "2017"]
[PlyCount "75"]
[EventDate "2009.??.??"]
[WhiteTeam "Slovakia"]
[BlackTeam "II"]
[WhiteTeamCountry "SVK"]
[BlackTeamCountry "SVK"]

1. e4 e5 2. Nf3 Nc6 3. Nc3 Nf6 4. Bb5 Bb4 5. Nd5 Nxd5 6. exd5 Nd4 7. Nxd4 exd4
8. O-O O-O 9. a3 Be7 10. Be2 d6 11. c4 Bf5 12. d3 Re8 13. Kh1 Bf6 14. f4 h6 15.
b4 a5 16. b5 Qe7 17. Ra2 b6 18. a4 Bh4 19. g3 Bf6 20. Bf3 Rad8 21. g4 Bh7 22.
Rg1 g5 23. Re2 Qf8 24. Reg2 Rd7 25. f5 Rde7 26. Be4 Qg7 27. h4 Kf8 28. Qf3 Rd8
29. hxg5 hxg5 30. Rh2 Ke8 31. Rh5 Kd7 32. Kg2 Rde8 33. Rgh1 Bg8 34. Rh6 Re5 35.
R1h5 Kd8 36. Rxf6 Qxf6 37. Bxg5 Qxg5 38. Rxg5 1-0

[Event "SR 2. liga A 2009/2010"]
[Site "?"]
[Date "2010.01.09"]
[Round "6.4"]
[White "Racik, Marek"]
[Black "Lehocky, Viktor"]
[Result "1-0"]
[WhiteElo "1869"]
[BlackElo "2095"]
[PlyCount "105"]
[EventDate "2009.??.??"]
[WhiteTeam "Slovakia"]
[BlackTeam "II"]
[WhiteTeamCountry "SVK"]
[BlackTeamCountry "SVK"]

1. Nf3 Nf6 2. g3 g6 3. Bg2 Bg7 4. c4 O-O 5. O-O c6 6. Nc3 d6 7. d4 Nbd7 8. e4
e5 9. Bg5 Qc7 10. Qd2 Re8 11. Bh6 Bh8 12. d5 Nc5 13. Rfe1 Ng4 14. b4 Na6 15. a3
Nxh6 16. Qxh6 f5 17. Ng5 Qg7 18. Qxg7+ Bxg7 19. exf5 gxf5 20. dxc6 e4 21. cxb7
Bxb7 22. Rac1 Rac8 23. Nb5 Rcd8 24. Red1 d5 25. cxd5 Bxd5 26. Bf1 h6 27. Nh3
Bb3 28. Rxd8 Rxd8 29. Nxa7 Nb8 30. b5 Bb2 31. Rc5 Bd4 32. Rc7 Be5 33. Rc8 Rxc8
34. Nxc8 Kf8 35. Nf4 Bb2 36. Nd6 Bxa3 37. Nxf5 Bc5 38. Nxh6 Nd7 39. Ng4 Ke7 40.
h4 Nb6 41. Ne3 Bf7 42. Ne2 Na4 43. Nd1 Bb4 44. Nd4 Kd6 45. g4 Bc5 46. Nf5+ Ke5
47. Kg2 Nb6 48. Kg3 Nd5 49. Nde3 Nc3 50. h5 Kf6 51. Kf4 Be8 52. g5+ Kf7 53. g6+
1-0

[Event "SR 2. liga A 2009/2010"]
[Site "?"]
[Date "2010.01.09"]
[Round "6.5"]
[White "Hricak, Vasil"]
[Black "Fabry, Robert"]
[Result "1/2-1/2"]
[WhiteElo "2100"]
[BlackElo "2190"]
[PlyCount "75"]
[EventDate "2009.??.??"]
[WhiteTeam "Slovakia"]
[BlackTeam "II"]
[WhiteTeamCountry "SVK"]
[BlackTeamCountry "SVK"]

1. e4 e5 2. Nf3 Nc6 3. d4 exd4 4. Nxd4 Nf6 5. Nc3 d6 6. Bc4 Be7 7. Be3 a6 8. f3
Na5 9. Be2 c5 10. Nb3 Be6 11. Nxa5 Qxa5 12. O-O Rd8 13. Nd5 Nxd5 14. exd5 Bf5
15. Bd3 Bxd3 16. Qxd3 O-O 17. Bd2 Qb5 18. c4 Qd7 19. Bc3 b5 20. b3 b4 21. Bb2
Rfe8 22. Rae1 Bg5 23. g3 Rxe1 24. Rxe1 Re8 25. Rxe8+ Qxe8 26. Kf2 g6 27. Qe2
Qxe2+ 28. Kxe2 f5 29. f4 Bh6 30. Kf3 Kf7 31. h4 Bg7 32. Bc1 Bd4 33. Bd2 Kg7 34.
Bc1 Kh6 35. Bd2 Kh5 36. Bc1 Bc3 37. Be3 Kh6 38. Bc1 1/2-1/2

[Event "SR 2. liga A 2009/2010"]
[Site "?"]
[Date "2010.01.09"]
[Round "6.5"]
[White "Jelenciak, Jozef"]
[Black "Grich, Juraj"]
[Result "0-1"]
[WhiteElo "2013"]
[BlackElo "1989"]
[PlyCount "96"]
[EventDate "2009.??.??"]
[WhiteTeam "Slovakia"]
[BlackTeam "II"]
[WhiteTeamCountry "SVK"]
[BlackTeamCountry "SVK"]

1. e4 e6 2. d4 d5 3. Nd2 c5 4. dxc5 Bxc5 5. Nb3 Bb6 6. exd5 exd5 7. c3 Nc6 8.
Nf3 Bg4 9. Be2 Nf6 10. Bg5 O-O 11. O-O Be6 12. Qd3 h6 13. Be3 Re8 14. Nbd4 Ng4
15. Nxe6 fxe6 16. Bxb6 Qxb6 17. Qg6 Nf6 18. Rab1 e5 19. Nh4 Ne7 20. Qc2 Rad8
21. Qb3 Qxb3 22. axb3 e4 23. Ra1 g5 24. Rxa7 Rb8 25. Nf3 exf3 26. Bxf3 Nc6 27.
Ra4 Re5 28. b4 Ne7 29. b5 Nf5 30. Bd1 Rbe8 31. Bc2 Nd6 32. f4 Re1 33. fxg5
Rxf1+ 34. Kxf1 hxg5 35. Bd3 Nfe4 36. Rd4 Re5 37. g4 Nc5 38. Bc2 Kg7 39. Bd1
Nxb5 40. Rb4 Nd6 41. Bc2 Kf6 42. Rb6 Ke7 43. Bb1 Nc4 44. Rb5 Kd6 45. Ba2 Kc6
46. Rb4 Nd2+ 47. Kg1 Re1+ 48. Kf2 Nd3+ 0-1